Seyahat Hemen (Record no. 1446)

000 -LEADER
fixed length control field 00495nam a22001817a 4500
008 - FIXED-LENGTH DATA ELEMENTS--GENERAL INFORMATION
fixed length control field 170612b xxu||||| |||| 00| p tur d
020 ## - INTERNATIONAL STANDARD BOOK NUMBER
International Standard Book Number 9754342326
041 ## - LANGUAGE CODE
Language code of text/sound track or separate title Türkçe
050 ## - LIBRARY OF CONGRESS CALL NUMBER
Classification number PL234.A774
100 ## - MAIN ENTRY--PERSONAL NAME
9 (RLIN) 255
Personal name Osman Hakan A.
245 ## - TITLE STATEMENT
Title Seyahat Hemen
Statement of responsibility, etc. Osman Hakan A.
250 ## - EDITION STATEMENT
Edition statement 1. baskı
260 ## - PUBLICATION, DISTRIBUTION, ETC.
Place of publication, distribution, etc. İstanbul
Name of publisher, distributor, etc. Varlık Yayınları
Date of publication, distribution, etc. 2001
300 ## - PHYSICAL DESCRIPTION
Extent 53 sayfa
500 ## - GENERAL NOTE
General note Varlık Şiir Dizisi: 53, Varlık Yayınları: 604
650 #0 - SUBJECT ADDED ENTRY--TOPICAL TERM
9 (RLIN) 145
Topical term or geographic name entry element Türk Edebiyatı
942 ## - ADDED ENTRY ELEMENTS (KOHA)
Source of classification or shelving scheme
Koha item type Books
Holdings
Withdrawn status Lost status Source of classification or shelving scheme Damaged status Not for loan Permanent Location Current Location Shelving location Date acquired Full call number Barcode Date last seen Price effective from Koha item type
        Ödünç verilemez İmren Ahmet Tüzün Kütüphanesi İmren Ahmet Tüzün Kütüphanesi Ahmet Tüzün 2017-10-19 PL234.A774 100100001424 2017-10-19 2017-10-19 Books

This software was implemented, installed and managed by Devinim Software Training Consulting .